000 00282nam a2200109Ia 4500
001 1275986
005 20260417160438.0
008 260417s9999 xx 000 0 und d
020 _a9786257854856
245 0 _aDinozor Rori’nin Evcil Hayvanı
_cLiz Climo
260 _bKetebe Çocuk
999 _c1275986
_d1275986